| 000 | 00000nas 2200000za 4500 |
| 001 | 9.511682 |
| 003 | CaOODSP |
| 005 | 20200331213041 |
| 007 | ta |
| 008 | 150406d20082012oncar p #||||f| |0eng|d |
| 022 | |a1921-9342 |
| 040 | |aCaOODSP|beng |
| 041 | |aeng |
| 041 | |afre |
| 043 | |an-cn--- |
| 086 | 1 |aIu1-4/1 |
| 110 | 1 |aCanada. |bIndustry Canada. |
| 245 | 10|aAnnual report on the Access to Information Act. |
| 246 | 15|aRapport annuel ... concernant la Loi sur l'accès à l'information |
| 260 | |aOttawa : |bIndustry Canada. |
| 310 | |aAnnual |
| 362 | 1 |aBegan with 2007/08; ceased with 2011/2012. |
| 520 | 3 |aDescribes how Industry Canada administered its responsibilities in the year of operation of the Access to Information Act. |
| 546 | |aText in English and French on inverted pages. |
| 690 | 07|aAccess to information|2gcpds |
| 776 | 0#|tAnnual report on the Access to Information Act |w(CaOODSP)9.506480 |
| 792 | |tRapport annuel ... concernant la Loi sur l'accès à l'information.|efre|w(CaOODSP)9.511683 |